000
00249 a2200109 4500
001
73100
082
_a
297.2 ALI
090
_c
38861
_d
38861
100
_a
Ali ,P.S
245
_a
Status of Women in the muslim World
_c
Ali
260
_a
Lahore
_b
Aziz Pub
942
_a
CAENUST
_k
297.2 ALI
999
_c
308173
_d
308173